Kraje z największą ilością wysp - Statystyki

Ogólne statystyki
  • Ten quiz został rozwiązany 1 412 razy
    400 od ostatniego zresetowania
  • Średni wynik to 14 z 20
Statystyki odpowiedzi
Ilość wysp Kraj % Poprawnych
52 455 Kanada
94%
18 617 Stany Zjednoczone
94%
239 057 Norwegia
92%
17 504 Indonezja
91%
267 570 Szwecja
90%
6 852 Japonia
88%
178 947 Finlandia
86%
6 346 Wielka Brytania
80%
8 222 Australia
78%
6 961 Chiny
77%
6 000 Grecja
75%
1 900 Francja
69%
7 641 Filipiny
67%
43 471 Chile
64%
1 430 Tajlandia
49%
4 400 Korea Południowa
46%
4 000 Wietnam
40%
3 579 Korea Północna
30%
2 355 Estonia
24%
4 195 Kuba
23%
Nie znaleziono quizów pasujących do podanych kryteriów
Rozkład punktacji
Procent ludzi z każdym wynikiem
Percentyl według liczby udzielonych odpowiedzi
Twoja historia wyników
Nie rozwiązałeś tego quizu od ostatniego zresetowania